书目信息 |
| 题名: |
甘薯栽培与加工新技术
|
|
| 作者: | 张超凡 主编 | |
| 分册: | ||
| 出版信息: | 长沙 中南大学出版社 2019.12 |
|
| 页数: | 305页 | |
| 开本: | 21cm | |
| 丛书名: | ||
| 单 册: | ||
| 中图分类: | S531 , TS215 | |
| 科图分类: | ||
| 主题词: | 甘薯--gan shu--栽培技术 , 甘薯--gan shu--食品加工 | |
| 电子资源: | ||
| ISBN: | 978-7-5487-3910-4 | |
| 000 | 00979nam0 2200265 450 | |
| 001 | CAL 0120203027783 | |
| 005 | 20230217093113.0 | |
| 010 | @a978-7-5487-3910-4@dCNY24.8 | |
| 100 | @a20200720d2019 em y0chiy0120 ea | |
| 101 | 0 | @achi |
| 102 | @aCN@b430000 | |
| 105 | @ay a 000yy | |
| 106 | @ar | |
| 200 | 1 | @a甘薯栽培与加工新技术@Agan shu zai pei yu jia gong xin ji shu@f主编张超凡@g编写人员张超凡 ... [等] |
| 210 | @a长沙@c中南大学出版社@d2019.12 | |
| 215 | @a305页@d21cm | |
| 320 | @a有书目 (第300-305页) | |
| 330 | @a本书针对我国及湖南省甘薯生产现状和发展趋势, 从甘薯栽培生理基础、甘薯高产高效栽培、主要病虫草害防治、甘薯安全储藏、甘薯加工利用等方面论述总结了甘薯绿色高产高效生产全产业链关键实用技术 ; 力求内容全面、通俗易懂。 | |
| 606 | 0 | @a甘薯@Agan shu@x栽培技术 |
| 606 | 0 | @a甘薯@Agan shu@x食品加工 |
| 690 | @aS531@v5 | |
| 690 | @aTS215@v5 | |
| 701 | 0 | @a张超凡@Azhang chao fan@4主编 |
| 801 | 0 | @aCN@bBJXHZP@c20230228 |
| 905 | @b1399839-42@dS531@e142@f4 | |
| 甘薯栽培与加工新技术/主编张超凡/编写人员张超凡 ... [等].-长沙:中南大学出版社,2019.12 |
| 305页;21cm |
| ISBN 978-7-5487-3910-4:CNY24.8 |
| 本书针对我国及湖南省甘薯生产现状和发展趋势, 从甘薯栽培生理基础、甘薯高产高效栽培、主要病虫草害防治、甘薯安全储藏、甘薯加工利用等方面论述总结了甘薯绿色高产高效生产全产业链关键实用技术 ; 力求内容全面、通俗易懂。 |
| ● |
| 相关链接 |
|
|
|
|
正题名:甘薯栽培与加工新技术
索取号:S531/142
 
预约/预借
| 序号 | 登录号 | 条形码 | 馆藏地/架位号 | 状态 | 备注 |
| 1 | 1399839 | 213998398 | 第二样本阅览室/ [索取号:S531/142] | 在馆 | |
| 2 | 1399840 | 213998405 | 第三借阅区/ [索取号:S531/142] | 在馆 | |
| 3 | 1399841 | 213998414 | 第三借阅区/ [索取号:S531/142] | 在馆 | |
| 4 | 1399842 | 213998423 | 第三借阅区/ [索取号:S531/142] | 在馆 |